Premier League Goalscorers 2024/2025: Gameweek 1 - Statistics

General Stats
  • This quiz has been taken 326 times
  • The average score is 12 of 21
Answer Stats
Fixture Club Score Goalscorer % Correct
Ipswich v Liverpool Liverpool 2-0 Mohamed Salah
98%
Chelsea v Manchester City Manchester City 1-0 Erling Haaland
90%
Arsenal v Wolves Arsenal 2-0 Bukayo Saka
85%
Leicester v Tottenham Leicester 1-1 Jamie Vardy
77%
Ipswich v Liverpool Liverpool 1-0 Diogo Jota
75%
Arsenal v Wolves Arsenal 1-0 Kai Havertz
74%
Brentford v Crystal Palace Brentford 1-0 Bryan Mbeumo
72%
Nottingham Forest v Bournemouth Nottingham Forest 1-0 Chris Wood
71%
Brentford v Crystal Palace Brentford 2-1 Yoane Wissa
66%
Everton v Brighton Brighton 1-0 Kaoru Mitoma
65%
Manchester United v Fulham Manchester United 1-0 Joshua Zirkzee
62%
Everton v Brighton Brighton 2-0 Danny Welbeck
54%
West Ham v Aston Villa Aston Villa 2-1 Jhon Duran
50%
Newcastle v Southampton Newcastle 1-0 Joelinton
50%
Nottingham Forest v Bournemouth Bournemouth 1-1 Antoine Semenyo
47%
Chelsea v Manchester City Manchester City 2-0 Mateo Kovacic
41%
Leicester v Tottenham Tottenham 1-0 Pedro Porro
40%
West Ham v Aston Villa West Ham 1-1 Lucas Paqueta
39%
West Ham v Aston Villa Aston Villa 1-0 Amadou Onana
31%
Everton v Brighton Brighton 3-0 Simon Adingra
28%
Brentford v Crystal Palace Brentford (OG) 1-1 Ethan Pinnock
27%
No matching quizzes found
Score Distribution
Percent of People with Each Score
Percentile by Number Answered
Your Score History
You have not taken this quiz